| 000 | 01075nam a2200349 a 4500 | ||
|---|---|---|---|
| 001 | 000114811 | ||
| 003 | CHAP | ||
| 005 | 20220329144459.0 | ||
| 008 | 180418s2005 es a |r l||0|0|spa d | ||
| 010 | _a111272 | ||
| 011 | _a112244 | ||
| 020 | _a8484762556 | ||
| 040 | _cCHAP | ||
| 082 | 0 | 4 |
_a598.2946 _bC38 2005 |
| 100 | 1 |
_aCeballos, Pedro. _9135166 |
|
| 245 | 1 | 0 |
_aPájaros de nuestros campos y bosques / _cpor Pedro Ceballos y Francisco José Purroy Iraizoz. |
| 250 | _a3 ed. | ||
| 260 |
_aMadrid : _bMundi Prensa, _c2005. |
||
| 300 | _a287 p. : il. | ||
| 590 |
_aBATCH-UPD _b05 _c20180418 _lUCH01 _h0959 |
||
| 590 |
_aE11695DGD _b10 _c20180419 _lUCH01 _h1424 |
||
| 590 |
_aE11695DGD _b10 _c20180618 _lUCH01 _h1359 |
||
| 590 |
_aE8697GMM _b05 _c20180418 _lUCH01 _h0958 |
||
| 650 | 1 | 4 |
_aAves _vObras ilustradas. _9135168 |
| 650 | 1 | 4 |
_aAves _xHábitos y conducta. _98611 |
| 650 | 1 | 4 |
_aAves _xIdentificación _zEspaña. _9135169 |
| 650 | 1 | 4 |
_aAves _zEspaña _vCatálogos. _9135170 |
| 700 | 1 |
_aPurroy, Francisco J. _9135167 |
|
| 901 | _aBK | ||
| 942 | _cLIBRO | ||
| 942 | _n0 | ||
| 999 |
_c111272 _d111272 |
||